| 000 | 00756nam a2200205Ii 4500 | ||
|---|---|---|---|
| 003 | JO-AjNU | ||
| 008 | 230605s9999||||xx |||||||||||||| ||und|| | ||
| 040 |
_aJO-AjNU _bara _erda _cJO-AjNU |
||
| 041 | _aara | ||
| 050 | 1 | 4 | _aPJ8051.J47.A236 1977 |
| 100 | 3 |
_aتأليف عبدالمهدي، عبد الجليل حسن, _eauthor _959392 |
|
| 245 | 0 | 0 | _aالحياة الادبية في الشام في القرن الخامس الهجري |
| 250 | _aط1 | ||
| 264 | 3 | 1 | _aعمان: مكتب الاقصى، 1977 |
| 300 |
_a778ص _bيحتوي على فهرس من ص 758-778 |
||
| 336 |
_atext _btxt _2rdacontent |
||
| 337 |
_aunmediated _bn _2rdamedia |
||
| 338 |
_avolume _bnc _2rdacarrier |
||
| 650 | 4 |
_aالادب العربي - بلاد الشام _959393 |
|
| 999 |
_aA26724 _c30292 _d30292 |
||